000 00324nam a2200109 4500
999 _c11137
_d11137
008 181012b ||||| |||| 00| 0 eng d
245 _aPhl, Thai science departments to collaborate.
260 _aPhilippines
_bThe Philippine Star
_cc2017
300 _apage B2.
650 0 _932173
_aInternational relations.
942 _2ddc
_cPER